000 02269cam a22004694i 4500
003 PE-LiUPU
005 20250731165357.0
008 150917s2008 pe grm 000 0 spa d
035 _a(Sirsi) a154452
040 _aPE-LiUPU
_bspa
_cPE-LiUPU
_erda
082 0 4 _a869.56
_bA44 3
099 _aTE 3
_bA44 2008
100 1 _aAltamirano Tovar, Socorro Talia
_eautor
245 1 4 _aLas supersticiones: un canal para la visión de la narrativa de Eleodoro Vargas Vicuña /
_cSocorro Talia Altamirano Tovar.
264 0 _c2008.
300 _a62 hojas
_c31 cm
336 _atext
_2rdacontent
337 _aunmediated
_2rdamedia
338 _avolume
_2rdacarrier
502 _aTesis
_b(Mg.) --
_cUniversidad Peruana Unión,
_d2008.
504 _aIncluye bibliografía
520 3 _aSin lugar a dudas, existen poquísimos trabajos sobre la narrativa de Eleodoro Vargas Vicuña. Motivados por incrementar el corpus literario sobre la narrativa peruana hemos abordado la narrativa de nuestro autor, con el titulo "Las supersticiones: un canal para la visión de la narrativa de Eleodoro Vargas Vicuña". El objetivo construido para tal fin es analizar desde la perspectiva de la hermenéutica, por la exigencia de la naturaleza de un texto literario y de acuerdo con los protocolos de la investigación literaria-la cosmovisión andina de la narrativa de Eleodoro Vargas Vicuña, uno de los grandes y singulares narradores de la Generación del 50, junto a la presencia bastante significativa de dos narradores sobresalientes y prolíferos de la referida generación, especialmente en el cuento: Julio Ramón Ribeyro y Carlos Eduardo Zavaleta.
526 _aSEG44
526 _aSEG26
526 _aP151
526 _aP150
526 _aP149
526 _aP146
526 _aP145
526 _aP126
526 _aP125
526 _aP92
526 _aP75
526 _aP74
526 _aP27
526 _aP15
600 0 4 _aVargas Vicuña, Eleodoro
_d1924-1997
_xCrítica textual
_vTesis.
650 0 4 _aCuento peruano
_xAndes
_ySiglo XX
_vTesis.
596 _a1
942 _2ddc
_cTESIS
999 _aTE 3 A44 2008
_wALPHANUM
_c7155
_iT01070
_lCCODEBUL3
_mBUL
_r1
_sY
_tTESIS
_u2015-9-17
_xPOSGRADO
_PP57
_o.STAFF. Tesis
_d7155
980 _81
_gALBERTO SANCHEZ Responsable de Automatización